000 01874cam a2200265 4500500
005 20251228060116.0
041 _afre
042 _adc
100 1 0 _aLeblanc, Antoine
_eauthor
700 1 0 _aDuverger, Philippe
_eauthor
245 0 0 _aCollaboration entre pédiatres et psychiatres d'enfants en hôpital général
260 _c2005.
500 _a60
520 _aRésumé La collaboration entre les pédiatres et les psychiatres s’est développée régulièrement ces dernières années, non sans quelques difficultés et quelques questions. Cette psychiatrie dite de liaison-consultation s’exerce sous différentes formes et concerne des pathologies variées. La description de différentes demandes d’intervention psy dans un service de pédiatrie générale et le regard du psychiatre sur ces demandes permettent d’analyser ce type de pratique et de montrer sa richesse et sa complexité.
520 _aCooperation between paediatricians and psychiatrics regularly increased these last years raising some difficulties and questions. This type of psychiatry, so called “liaison-consultation”, is performed under various modes and is relevant to various pathologies. The description of the different psychiatric requests in a general paediatric department and the views of the psychiatrics over these requests enable a comprehensive analysis on this type of behaviour and to demonstrate its complexity and the magnitude of its scope
690 _aadolescent
690 _aenfant
690 _apédiatrie
690 _apédopsychiatrie
690 _ageneral paediatric department
690 _amultidisciplinary system
690 _apsychiatric requests
786 0 _nEnfances & Psy | 30 | 1 | 2005-12-01 | p. 79-91 | 1286-5559
856 4 1 _uhttps://shs.cairn.info/revue-enfances-et-psy-2006-1-page-79?lang=fr&redirect-ssocas=7080
999 _c1586990
_d1586990